00749nam a22001935i 4500001000700000003000900007005001700016008004100033080002800074100003100102245010900133260003600242300003800278490004600316600005800362710004700420830004600467852004200513176109ES-MaACL20230906220004.0101217s1966 sp a |||| | spa d a1 Séneca, Lucio Anneo1 aBlanco Freijeiro, Antonio.10aApuntes de la vida romana en la obra de Séneca b: (in memoriam Senecae) / cAntonio Blanco Freijeiro. aMadrid : bTaurus, cimp. 1966. a72 p. : bil. bl. y n. ; c25 cm.1 aCuadernos de la Fundación Pastor ; v1404aSéneca, Lucio Anneo-xCrítica e interpretación.2 aFundación Pastor de Estudios Clásicos.0 aCuadernos de la Fundación Pastor ; v14 aES-MaACLj2273-F-12 xOlim P-1029-bis